000 00376nam a2200145Ia 4500
005 20251222144752.0
008 251222s9999||||xx |||||||||||||| ||spa||
020 _a9789972297076
082 _a985.26/B44/Ej.2
100 _aBenito, José Antonio
245 0 _aPasado, Presente y Futuro de Lima Norte:
250 _a1ra. ed.
264 _bFondo Editorial UCSS
942 _cLIB
999 _c19393
_d19393